000 00802nam a2200265 a 4500
001 000002285
003 DO-SdBNP
005 20170928085820.0
007 000002285
008 090701s2007 dr 000 f spa d
020 _a9789945410242
040 _aBPMSU
_bspa
_cBPMSU
092 _aRD863.44
_bD325f
100 1 _aDeive, Carlos Esteban,
_d1935-
245 1 3 _aEl festín de los generales /
_cCarlos Esteban Deive.
260 _aSanto Domingo :
_bLetra Gráfica Breve,
_c2007.
300 _a107 p. ;
_c18 cm.
586 _aPremio de Novela Edilio Rusconi
650 4 _aNOVELA DOMINICANA
650 4 _aLITERATURA DOMINICANA
910 _aValidado. Control de calidad BNPHU
942 _2ddc
_cBK
945 _aTítulo remanejado para BNPHU VM
956 _aVMATEO
_b10
_c20150413
_lBPMSU
_h00151
999 _c7629
_d7629